LIBRARY ONLINE CATALOGUE

Power learning : (Record no. 2180)

MARC details
000 -LEADER
fixed length control field 00619nam a22002052 4500
001 - CONTROL NUMBER
control field 0000003606
005 - DATE AND TIME OF LATEST TRANSACTION
control field 20151217145738.0
008 - FIXED-LENGTH DATA ELEMENTS--GENERAL INFORMATION
fixed length control field 070510s xx 000 0 eng d
020 ## - INTERNATIONAL STANDARD BOOK NUMBER
International Standard Book Number 0072959541 :
Terms of availability KES 500
040 ## - CATALOGING SOURCE
Original cataloging agency KABU
Transcribing agency KABU
050 #0 - LIBRARY OF CONGRESS CALL NUMBER
Classification number LB2343.3
Item number .F45 2004
100 1# - MAIN ENTRY--PERSONAL NAME
Personal name Feldman, Robert S.
-- 0000153639
245 10 - TITLE STATEMENT
Title Power learning :
Remainder of title strategies for success in college life.
260 ## - PUBLICATION, DISTRIBUTION, ETC. (IMPRINT)
Place of publication, distribution, etc. Boston :
Name of publisher, distributor, etc. McGraw-Hill,
Date of publication, distribution, etc. 2004.
300 ## - PHYSICAL DESCRIPTION
Extent xxxv, 420 p.
650 #0 - SUBJECT ADDED ENTRY--TOPICAL TERM
Topical term or geographic name as entry element College student orientation.
-- 0000071833
908 ## - PUT COMMAND PARAMETER (RLIN)
Put command parameter 070510
950 ## - LOCAL HOLDINGS (RLIN)
-- 1
Holdings
Withdrawn status Lost status Source of classification or shelving scheme Not for loan Home library Current library Date acquired Total Checkouts Full call number Barcode Date last seen Price effective from Koha item type
    Library of Congress Classification   Kabarak, Main Campus Kabarak, Main Campus 17/12/2015   LB2343.3 .F45 2004 010188 17/12/2015 17/12/2015 General Collection